The 52 Disney Classics - Statistics

General Stats
  • This quiz has been taken 3,654 times
  • The average score is 23 of 52
Answer Stats
Hint Answer % Correct
1 Snow White and the Seven Dwarfs
97%
12 Cinderella
93%
16 Sleeping Beauty
87%
30 Beauty and the Beast
82%
28 The Little Mermaid
80%
36 Mulan
76%
31 Aladdin
73%
3 Fantasia
70%
52 Frozen
70%
32 The Lion King
70%
33 Pocahontas
68%
2 Pinocchio
67%
4 Dumbo
65%
50 Tangled
65%
5 Bambi
64%
19 The Jungle Book
61%
14 Peter Pan
60%
15 Lady and the Tramp
56%
35 Hercules
54%
20 The Aristocats
52%
21 Robin Hood
49%
37 Tarzan
49%
13 Alice in Wonderland
46%
23 The Rescuers
44%
17 101 Dalmatians
43%
34 The Hunchback of Notre Dame
43%
24 The Fox and the Hound
42%
49 The Princess and the Frog
37%
22 The Many Adventures of Winnie the Pooh
33%
38 Fantasia 2000
31%
42 Lilo and Stitch
30%
27 Oliver and Company
30%
25 The Black Cauldron
30%
18 The Sword in the Stone
30%
41 Atlantis
27%
51 Wreck it Ralph
27%
40 The Emperor's New Groove
26%
44 Brother Bear
25%
26 The Great Mouse Detective
25%
7 The Three Caballeros
23%
43 Treasure Planet
23%
48 Bolt
22%
46 Chicken Little
20%
29 The Rescuers Down Under
20%
8 Make Mine Music
19%
6 Saludos Amigos
19%
39 Dinosaur
17%
9 Fun and Fancy Free
17%
47 Meet the Robinsons
17%
10 Melody Time
17%
45 Home on the Range
15%
11 The Adventures of Ichabod and Mr.Toad
13%
No matching quizzes found
Score Distribution
Percent of People with Each Score
Percentile by Number Answered
Your Score History
You have not taken this quiz